Tiến sĩ Việt Nam hiện đại; T1 = Vietnamese contemporary doctors

Guardat en:
Dades bibliogràfiques
Autor principal: Phạm Vĩnh
Format: Llibre
Idioma:Undetermined
Publicat: H. VHTT 2002
Matèries:
Etiquetes: Afegir etiqueta
Sense etiquetes, Sigues el primer a etiquetar aquest registre!
Thư viện lưu trữ: Trung tâm Học liệu Trường Đại học Cần Thơ
LEADER 00510nam a2200181Ia 4500
001 CTU_53734
008 210402s9999 xx 000 0 und d
020 |b 280000 
082 |a 378.2 
082 |b V312 
100 |a Phạm Vĩnh 
245 0 |a Tiến sĩ Việt Nam hiện đại; T1 = Vietnamese contemporary doctors 
245 0 |c Phạm Vĩnh 
260 |a H. 
260 |b VHTT 
260 |c 2002 
650 |a degrees, academic,doctors 
980 |a Trung tâm Học liệu Trường Đại học Cần Thơ